Musculoskeletal Examination and Assessment : a handbook for therapists (Record no. 6245)

MARC details
000 -LEADER
fixed length control field 00604nam a22002057a 4500
003 - CONTROL NUMBER IDENTIFIER
control field OSt
005 - DATE AND TIME OF LATEST TRANSACTION
control field 20190820104453.0
008 - FIXED-LENGTH DATA ELEMENTS--GENERAL INFORMATION
fixed length control field 190820b ||||| |||| 00| 0 eng d
020 ## - INTERNATIONAL STANDARD BOOK NUMBER
International Standard Book Number 9780702067174
040 ## - CATALOGING SOURCE
Transcribing agency DNLM
082 ## - DEWEY DECIMAL CLASSIFICATION NUMBER
Classification number WE18 M97n 2018
100 ## - MAIN ENTRY--PERSONAL NAME
Relator code Edited by Nicola J. Petty; Dionne, Rider
245 ## - TITLE STATEMENT
Title Musculoskeletal Examination and Assessment : a handbook for therapists
250 ## - EDITION STATEMENT
Edition statement 5th ed.
260 ## - PUBLICATION, DISTRIBUTION, ETC. (IMPRINT)
Place of publication, distribution, etc. Edinburgh;
Name of publisher, distributor, etc. Elsevier,
Date of publication, distribution, etc. 2018
300 ## - PHYSICAL DESCRIPTION
Extent xii,472p;
Other physical details col.ill:
Dimensions 24cm
504 ## - BIBLIOGRAPHY, ETC. NOTE
Bibliography, etc References, & index included
650 ## - SUBJECT ADDED ENTRY--TOPICAL TERM
Topical term or geographic name as entry element Musculoskeletal system
9 (RLIN) 161
942 ## - ADDED ENTRY ELEMENTS (KOHA)
Source of classification or shelving scheme Dewey Decimal Classification
Koha item type Book
Holdings
Withdrawn status Lost status Source of classification or shelving scheme Damaged status Not for loan Home library Current library Date acquired Source of acquisition Inventory number Total Checkouts Full call number Barcode Date last seen Koha item type Date last checked out
    Other/Generic Classification Scheme     MUST Main Library MUST Main Library 20/08/2019 Purchase 19/41154   WE18 M97n 2018 2019-0183 20/08/2019 Short Loan  
    Other/Generic Classification Scheme     MUST Main Library MUST Main Library 20/08/2019 Purchase 19/41155   WE18 M97n 2018 2019-0184 20/08/2019 Short Loan  
    Other/Generic Classification Scheme     MUST Main Library MUST Main Library 20/08/2019 Purchase 19/41156 1 WE18 M97n 2018 2019-0185 16/09/2022 Book Bank 06/07/2022